Take Me Home, Country Roads Lyrics - Statistics

General Stats
  • This quiz has been taken 384 times
  • The average score is 27 of 35
Answer Stats
% Correct
To the {place} I belong
98%
To the {place} I belong,
98%
To the {place} I belong,
98%
Take me {home} country roads,
97%
Take me {home} country roads,
97%
Take me {home} country roads,
97%
West {Virginia},
97%
Country {roads}, take me home,
96%
Country {roads}, take me home,
96%
Country {roads}, take me home,
96%
West Virginia, mountain {momma},
93%
West Virginia, mountain {momma}
93%
West Virginia, mountain {momma}
93%
{Blue} Ridge Mountains,
91%
Almost {heaven},
87%
Life is {old} there,
83%
Older than the {trees},
83%
Younger than the {mountains},
82%
Blowing like a {breeze},
78%
Painted on the {sky},
72%
Stranger to blue {water},
70%
{Gather} round her,
67%
All my {memories},
66%
I should have been home {yesterday, yesterday},
64%
Misty taste of {moonshine},
64%
{Teardrops} in my eyes,
64%
I get a {feeling} that,
62%
Of my home {far away},
62%
Dark and {dusty},
61%
In the {morning} hour she calls me,
61%
I hear her {voice},
60%
{Shenandoah} River,
58%
{Radio} reminds me,
52%
{Driving} down the road,
46%
{Miner}'s lady,
41%
No matching quizzes found
Score Distribution
Percent of People with Each Score
Percentile by Number Answered
Your Score History
You have not taken this quiz